Central Library OPAC University of Rajshahi

Jonson Volpone : (Record no. 18226)

MARC details
000 -LEADER
fixed length control field 00846nam a2200289 a 4500
001 - CONTROL NUMBER
control field 18226
003 - CONTROL NUMBER IDENTIFIER
rucl marc code BD-RjUL
005 - DATE AND TIME OF LATEST TRANSACTION
control field 20211209000244.0
008 - FIXED-LENGTH DATA ELEMENTS--GENERAL INFORMATION
fixed length control field 140220r19791972enk b 001 0 eng d
020 ## - INTERNATIONAL STANDARD BOOK NUMBER
International Standard Book Number 0333088964
International Standard Book Number 0333026152
035 ## - SYSTEM CONTROL NUMBER
System control number (BD-RjUL)18284
040 ## - CATALOGING SOURCE
Original cataloging agency LC
Language of cataloging eng
Transcribing agency LC
Modifying agency LC
-- BD-RjUL
041 ## - LANGUAGE CODE
Language code of text/sound track or separate title eng
082 04 - DEWEY DECIMAL CLASSIFICATION NUMBER
Classification number 822.3
Author mark and year JON 1979
245 10 - TITLE STATEMENT
Title Jonson Volpone :
Remainder of title a casebook /
Statement of responsibility, etc. edited by Jonas A. Barish.
260 ## - PUBLICATION, DISTRIBUTION, ETC. (IMPRINT)
Place of publication, distribution, etc. London :
Name of publisher, distributor, etc. Macmillan,
Date of publication, distribution, etc. 1972 [reprinted 1979].
300 ## - PHYSICAL DESCRIPTION
Pagination 255 p. ;
Size 20 cm.
490 0# - SERIES STATEMENT
Series statement Casebook series
504 ## - BIBLIOGRAPHY, ETC. NOTE
Bibliography, etc Bibliography: p. [241] and index.
600 10 - SUBJECT ADDED ENTRY--PERSONAL NAME
Personal name Jonson, Ben,
Dates associated with a name 1573?-1637.
General subdivision Handbooks, manuals, etc.
Personal name Jonson, Ben,
Dates associated with a name 1573?-1637.
700 1# - ADDED ENTRY--PERSONAL NAME
Personal name Barish, Jonas A,
942 ## - ADDED ENTRY ELEMENTS (KOHA)
Source of classification or shelving scheme Dewey Decimal Classification
Koha item type Books
Holdings
Lost status Source of classification or shelving scheme Damaged status Not for loan Collection code Permanent Location Current Location Shelving location Date acquired Source of acquisition Cost, normal purchase price Total Checkouts Full call number Date last seen Copy number Koha item type
  Dewey Decimal Classification     Non-fiction Central Library, University of Rajshahi Central Library, University of Rajshahi   22/05/1983 Helfers. 2.95   822.3 JON 1979 20/02/2014 C-2 Books
  Dewey Decimal Classification   Not For Loan Non-fiction Central Library, University of Rajshahi Central Library, University of Rajshahi Reading Room 10/01/1975 Jonathan 0.80   822.3 JON 1972 26/11/2020 C-1 Books
  Dewey Decimal Classification     Non-fiction Central Library, University of Rajshahi Central Library, University of Rajshahi   13/09/1983 Tulip 48.08   822.3 JON 1972 29/11/2020 C-3 Books